• 首页
  • 本馆介绍
  • 公告通知
  • 最新文献
  • 馆藏检索
  • 电子资源
  • 读者导购
  • 参考咨询
  • 我的图书馆
  • 登录
  • 详细信息显示
  • 放入我的书架
  • 预约/预借图书
  • 作者相关作品
  • 分类相关作品
  • 丛书相关作品
  • 出版社相关作品

书目信息

  • 表格格式
  • 工作单格式
  • 卡片格式
题名:
2019媒体上的大连工会工作
    
 
作者: 林浩 主编 ;大连市总工会 编
分册:  
出版信息: 大连   大连出版社  2020
页数: 294页
开本: 21cm
丛书名:
单 册:
中图分类: I253.1 , D412.831.3
科图分类:
主题词: 新闻报道--作品集--中国--当代 , 工会工作--经验--大连--2019
电子资源:
ISBN: 978-7-5505-0809-5
000 00961nam0 2200265 450
001 012001002018
005 20140202102649.0
010    @a978-7-5505-0809-5@dCNY36.00
100    @a20220905d2020 em y0chiy50 ea
101 0  @achi
102    @aCN@b210000
105    @aa z 000zy
106    @ar
200 1  @a2019媒体上的大连工会工作@f大连市总工会编@A2019 mei ti shang de da lian gong hui gong zuo
210    @a大连@c大连出版社@d2020
215    @a294页@c照片@d21cm
330    @a本书选编2019年内在国家、省市各级新闻媒体上发表的反映大连市工会工作的文章百余篇,分为言论、消息、通讯三个部分,忠实记录了这一年来大连工会工作者和广大职工奋进的足迹和时代风采。
606 0  @a新闻报道@x作品集@y中国@z当代
606 0  @a工会工作@x经验@y大连@z2019
690    @aI253.1@v5
690    @aD412.831.3@v5
701  0 @a林浩@4主编@Alin hao
712 02 @a大连市总工会@4编@Ada lian shi zong gong hui
801  0 @aCN@bAHXH@c20221111
905    @b1367369-73@dI253.1@e1203@f5
    
    2019媒体上的大连工会工作/大连市总工会编.-大连:大连出版社,2020
    294页:照片;21cm
    
    
    ISBN 978-7-5505-0809-5:CNY36.00
    本书选编2019年内在国家、省市各级新闻媒体上发表的反映大连市工会工作的文章百余篇,分为言论、消息、通讯三个部分,忠实记录了这一年来大连工会工作者和广大职工奋进的足迹和时代风采。
●
相关链接 在E读中查询图书 在五车中查询图书 在当当中查询图书 在豆瓣中查询图书


正题名:2019媒体上的大连工会工作     索取号:I253.1/1203         预约/预借

序号 登录号 条形码 馆藏地/架位号 状态 备注
1 1367369   213673693   第一样本阅览室/ [索取号:I253.1/1203] 在馆    
2 1367370   213673700   教育系资料室/ [索取号:I253.1/1203] 在馆    
3 1367371   213673719   教育系资料室/ [索取号:I253.1/1203] 在馆    
4 1367372   213673728   第二借阅区/ [索取号:I253.1/1203] 在馆    
5 1367373   213673737   第二借阅区/ [索取号:I253.1/1203] 在馆    
唐山师范学院图书馆 欢迎您!
大连网信软件有限公司© 版权所有